| 000 | 00600nam a2200193 a 4500 | ||
|---|---|---|---|
| 001 | 000042633 | ||
| 005 | 20201002040304.0 | ||
| 008 | 140203s1987 sp 000 0 spa d | ||
| 020 | _a8420645141 | ||
| 040 |
_aDO-SdBNP _bspa _cBNPHU |
||
| 082 |
_axxxxxx _bxxxxxx |
||
| 100 | 1 |
_aMetge, Bernat _969898 |
|
| 245 | 1 | 0 |
_aSueño. / _cBernat Metge. |
| 260 |
_aMadrid, : _bAlianza, _c1987. |
||
| 300 |
_a123 p. ; _c21 cm. |
||
| 490 | 1 |
_aBiblioteca de cultura catalana _v14 |
|
| 504 | _aIncluye referencias bibliográficas y notas al pie de las páginas | ||
| 830 | 0 |
_aBiblioteca de cultura catalana _n14 _969899 |
|
| 999 |
_c42122 _d42122 |
||